<?xml version="1.0" encoding="UTF-8"?>
<collection xmlns="http://www.loc.gov/MARC21/slim">
    <record>
        <controlfield tag="001">84637</controlfield>
        <controlfield tag="005">20191111224555.0</controlfield>
        <datafield tag="024" ind1="7" ind2=" ">
            <subfield code="2">doi</subfield>
            <subfield code="a">10.26754/CINAIC.2019.0121</subfield>
        </datafield>
        <datafield tag="037" ind1=" " ind2=" ">
            <subfield code="a">COMPON-2019-CINAIC-0121</subfield>
        </datafield>
        <datafield tag="041" ind1=" " ind2=" ">
            <subfield code="a">spa</subfield>
        </datafield>
        <datafield tag="100" ind1=" " ind2=" ">
            <subfield code="a">Fidalgo Blanco, Ángel </subfield>
            <subfield code="u">Universidad Politécnica de Madrid, España</subfield>
        </datafield>
        <datafield tag="245" ind1=" " ind2=" ">
            <subfield code="a">Indicadores de participación de los estudiantes en una metodología activa</subfield>
        </datafield>
        <datafield tag="260" ind1=" " ind2=" ">
            <subfield code="c">2019</subfield>
        </datafield>
        <datafield tag="506" ind1=" " ind2=" ">
            <subfield code="a">Access copy available to the general public</subfield>
            <subfield code="f">Unrestricted</subfield>
        </datafield>
        <datafield tag="520" ind1="3" ind2=" ">
            <subfield code="a">Las fases principales del modelo educativo se podrían definir como estas tres: fase donde el profesorado forma al alumnado, fase de creación de conocimiento en un contexto controlado donde el profesorado evalúa al alumnado y fase de retroalimentación donde el profesorado pone una calificación a la calidad del conocimiento creado por el alumnado. En este trabajo se utilizan las mismas fases pero asociando todas ellas a un proceso de aprendizaje continuo y activo denominado Real Time - Collective Intelligence applied to a Cooperative Learning with a sOcial base (RT-CICLO). Las fases se relacionan a través de una espiral donde el alumnado interacciona con recursos de aprendizaje, crea conocimiento a través de actividades y recibe retroalimentación por parte del profesorado y del propio alumnado. El contraste de resultados se realiza en base a tres indicadores: asistencia a clase, entrega de trabajos voluntarios y calificación académica final.</subfield>
        </datafield>
        <datafield tag="540" ind1=" " ind2=" ">
            <subfield code="9">info:eu-repo/semantics/openAccess</subfield>
            <subfield code="a">by-nc-nd</subfield>
            <subfield code="u">http://creativecommons.org/licenses/by-nc-nd/3.0/es/</subfield>
        </datafield>
        <datafield tag="655" ind1=" " ind2="4">
            <subfield code="a">Comunicación</subfield>
        </datafield>
        <datafield tag="700" ind1=" " ind2=" ">
            <subfield code="a">Sein-Echaluce Lacleta, María Luisa </subfield>
            <subfield code="u">Universidad de Zaragoza, España</subfield>
        </datafield>
        <datafield tag="700" ind1=" " ind2=" ">
            <subfield code="a">García-Peñalvo, Francisco José</subfield>
            <subfield code="u">Universidad de Salamanca, España</subfield>
        </datafield>
        <datafield tag="773" ind1=" " ind2=" ">
            <subfield code="d">Zaragoza</subfield>
            <subfield code="g">Aprendizaje, Innovación y Cooperación como impulsores del cambio metodológico. Actas del V Congreso Internacional sobre Aprendizaje, Innovación y Cooperación. CINAIC 2019 (9-11 de Octubre de 2019, Madrid, España)</subfield>
        </datafield>
        <datafield tag="856" ind1="4" ind2=" ">
            <subfield code="s">1371337</subfield>
            <subfield code="u">http://zaguan.unizar.es/record/84637/files/121.pdf</subfield>
        </datafield>
        <datafield tag="909" ind1="C" ind2="O">
            <subfield code="o">oai:zaguan.unizar.es:84637</subfield>
            <subfield code="p">comunicaciones-ponencias</subfield>
        </datafield>
        <datafield tag="970" ind1=" " ind2=" ">
            <subfield code="a">COMPON-2019-CINAIC-0121</subfield>
        </datafield>
        <datafield tag="980" ind1=" " ind2=" ">
            <subfield code="a">COMPON</subfield>
        </datafield>
    </record>

    
</collection>